Top 20 chanson FR 2019 - Statistiques

Statistiques générales
  • Ce quiz a été pris 150 fois
  • Le résultat moyen est 3 sur 15
Statistiques - réponses
ARTISTE REPONSE (titre de la chanson) % Correct
Angele Balance ton quoi
51%
Clara Luciani La grenade
47%
Aya N Pookie
38%
Matt Pokor Les planètes
35%
PNL Au DD
30%
Angele Tout oublier
29%
Gradur Ne reviens pas
21%
Aya N 40%
18%
Dadju Compliqué
18%
Soprano Le coach
16%
V&S Ca va Ca vient
11%
Dadju Ma vie
10%
Niska Bâtiment
6%
G.ims Le prix à payer
3%
Ninho Putanna
2%
Aucun quiz correspondant
Distribution des résultats
% des personnes avec chaque résultat
Percentile par nombre de réponses
Votre historique - résultats
Vous n’avez pas pris ce quiz